Clic Qui chantait ? 1 chanson -> 1 interprète (3) - Statistiques

Statistiques générales
  • Ce quiz a été pris 95 fois
  • Le résultat moyen est 10 sur 25
Statistiques - réponses
Hint Réponse % Correct
Seul Garou
71%
Je te survivrai Jean-Pierre François
67%
Marre de cette nana-là Patrick Bruel
66%
Chacun fait (c'qui lui plaît) Chagrin d'Amour
65%
Pas d'ami (comme toi) Stephan Eicher
59%
Le mambo du décalco Richard Gotainer
53%
Le plastique c'est fantastique Elmer Food Beat
52%
S.O.S. Indila
48%
J'aime regarder les filles Patrick Coutin
44%
Le petit pont de bois Yves Duteil
44%
Ainsi soit-il Louis Chedid
41%
Les Acadiens Fugain Michel et le Big Bazar
39%
Les plaisirs démodés Charles Aznavour
35%
Fanny Ardant et moi Vincent Delerm
35%
Ma môme Jean Ferrat
33%
La complainte du phoque en Alaska Beau Dommage
30%
Bleu blanc blond Marcel Amont
30%
Les jours électriques Jenifer
25%
Fiche le camp Jack Richard Anthony
23%
Adieu mon bébé chanteur Alain Chamfort
20%
Sur ton visage une larme Lucky Blondo
20%
Les sud américaines Michel Fugain
16%
Kennedy Rose Patricia Kaas
15%
Himalaya C. Jérôme
14%
24000 baisers Johnny Hallyday
5%
Aucun quiz correspondant
Distribution des résultats
% des personnes avec chaque résultat
Percentile par nombre de réponses
Votre historique - résultats
Vous n’avez pas pris ce quiz